|
|
แสดงรายละเอียดบรรณานุกรม |
|
|
Brief Record
: Get Marc (ISO 2709)
: E-mail record
: |
|
|
| LEADER 00000nama 2200000uu 4500 | |||
| 008 040531s|||| th m m a000 0 tha d | |||
| 041 tha | |||
| 050 อ DS589.ข284 ข285 2540 | |||
| 100 เรียบเรียง ชวน รุ่งศิรินันท์พร...[และคนอื่นๆ]. | |||
| 245 ขอนแก่น 200 ปี : สุดยอดเมืองหลักภาคอีสาน พ.ศ. 2540. | |||
| 260 กรุงเทพฯ. ฟิวเจอร์ เพรส. 2540. | |||
| 300 130หน้า. | |||
| 600 ชวน รุ่งศิรินันท์ ผู้เรียบเรียง. | |||
| 650 ขอนแก่น--ภูมิประเทศและการท่องเที่ยว. | |||
| 995 002 | |||
| 999 ^aใช้งานได้ทุกระบบ | |||
| คุณยังไม่ได้ล็อกอิน คุณสามารถมีกิจกรรมร่วมกับเว็บไซต์ได้ แต่ต้องล็อกอินก่อน :: |
|
| สถานะ | |||||||||
| 1. | หนังสืออ้างอิง | อ DS589.ข284 ข285 2540 | On Shelf | ||||||
| [แสดง 1/1 รายการ] | |||||||||
BibComment |
| คอมเมนท์ทรัพยากรรายการนี้ |
|
|